| 000 | 00624nam a22001457a 4500 | ||
|---|---|---|---|
| 020 | _a978-93-5103-204-5 | ||
| 082 |
_a823 _bKIT/S |
||
| 100 | _aKIT, KATY | ||
| 245 | _aSULA AND THE SINGING SHELL | ||
| 260 |
_aBRITIAN _bBOXER BOOKS LIMITED _c2012 |
||
| 300 | _a95 | ||
| 520 | _aThe five mermaid friends visit King Neptune's Palace. There they learn about the magical singing shells--and the loss of the one shell that has the power to calm the sea. The next day, there is a bad storm, and Coral, Melody, Jasmine, and Rosa are trapped. Can Sula conquer her fears and rescue her friends? | ||
| 650 | _aSHORT STORY | ||
| 942 | _cBK | ||
| 999 |
_c5975 _d5975 |
||